书目信息 |
| 题名: |
施米托夫论出口贸易
|
|
| 作者: | 施米托夫 著 ;冷柏军 主译 | |
| 分册: | 上 | |
| 出版信息: | 北京 中国人民大学出版社 2014 |
|
| 页数: | 513页 | |
| 开本: | 26cm | |
| 丛书名: | 经济科学译丛 | |
| 单 册: | ||
| 中图分类: | D996.1 | |
| 科图分类: | ||
| 主题词: | 国际贸易--贸易法--研究 , 国际贸易 , 贸易法 | |
| 电子资源: | ||
| ISBN: | 978-7-300-18425-8 | |
| 000 | 01704oam2 2200349 450 | |
| 001 | 523 | |
| 005 | 20140908111027.21 | |
| 010 | @a978-7-300-18425-8@dCNY84.00 | |
| 100 | @a20140325d2014 em y0chiy50 ea | |
| 101 | 1 | @achi@ceng |
| 102 | @aCN@b110000 | |
| 105 | @ay z 001yy | |
| 106 | @ar | |
| 200 | 1 | @a施米托夫论出口贸易@AShi Mi Tuo Fu Lun Chu Kou Mao Yi@h上@HShang@e国际贸易法律与实务@EGuo Ji Mao Yi Fa Lu^ Yu Shi Wu@dSchmitthoff's export trade@ethe law and practice of international trade@f克利夫·M·施米托夫(Clive M. Schmitthoff)[等]著@FKe Li Fu· M· Shi Mi Tuo Fu (Clive M. Schmitthoff)[ Deng ] Zhu@g冷柏军主译@zeng |
| 210 | @a北京@c中国人民大学出版社@d2014 | |
| 215 | @a513页@d26cm | |
| 225 | 2 | @a经济科学译丛 |
| 300 | @a“十一五”国家重点图书出版规划项目 | |
| 304 | @a著者还有:卡罗尔·默里(Carole Murray)、戴维·霍洛韦(David Holloway)、达朗·蒂姆森-亨特(Daren Timson-Hunt) | |
| 305 | @a据原书第11版译出 | |
| 330 | @a本书为读者提供了出口贸易学科系统全面的知识,包括货物销售、出口融资及物流、保险、海关法和长期合同等。书中还扩大了国际商事争端解决的覆盖范围,囊括了仲裁法律与实践发展的相关内容,扩充了欧盟和英国竞争法的相关内容,新增了有关电子商务和电子数据交换等知识。 | |
| 461 | 0 | @12001 @a经济科学译丛 |
| 510 | 1 | @aSchmitthoff's export trade@ethe law and practice of international trade@zeng |
| 517 | 1 | @a国际贸易法律与实务@AGuo Ji Mao Yi Fa Lu^ Yu Shi Wu |
| 606 | 0 | @a国际贸易@x贸易法@x研究 |
| 606 | 0 | @a国际贸易 |
| 606 | 0 | @a贸易法 |
| 690 | @aD996.1@v5 | |
| 701 | 0 | @c(英)@a施米托夫@AShi Mi Tuo Fu@c(Schmitt hoffs,Clive M.@f1903~1991)@4著 |
| 702 | 0 | @a冷柏军@ALeng Bai Jun@4主译 |
| 801 | 0 | @aCN@bTANGWEI@c20140603 |
| 905 | @b0841484-86@dD996.1@e122:1@f3 | |
| 施米托夫论出口贸易.上:国际贸易法律与实务=Schmitthoff's export trade:the law and practice of international trade/克利夫·M·施米托夫(Clive M. Schmitthoff)[等]著/冷柏军主译.-北京:中国人民大学出版社,2014 |
| 513页;26cm.-(经济科学译丛) |
| “十一五”国家重点图书出版规划项目 |
| ISBN 978-7-300-18425-8:CNY84.00 |
| 本书为读者提供了出口贸易学科系统全面的知识,包括货物销售、出口融资及物流、保险、海关法和长期合同等。书中还扩大了国际商事争端解决的覆盖范围,囊括了仲裁法律与实践发展的相关内容,扩充了欧盟和英国竞争法的相关内容,新增了有关电子商务和电子数据交换等知识。 |
| ● |
| 相关链接 |
|
|
|
|
正题名:施米托夫论出口贸易
索取号:D996.1/122:1
 
预约/预借
| 序号 | 登录号 | 条形码 | 馆藏地/架位号 | 状态 | 备注 |
| 1 | 0841484 | 208414848 | 第一样本阅览室/ [索取号:D996.1/122:1] | 在馆 | |
| 2 | 0841485 | 208414857 | 密集书库-史法系/ [索取号:D996.1/122:1] | 在馆 | |
| 3 | 0841486 | 208414866 | 第一借阅区/ [索取号:D996.1/122:1] | 在馆 |